000 01079nam a2200217 i 4500
001 99694
003 ES-MaACL
005 20250808224244.0
007 t|
008 050915s1946 sp f 00110 spa d
100 1 _aMartínez de Espinar, Alonso.
_977990
245 1 0 _aArte de ballestería y montería :
_bescrita con methodo, para escusar la fatiga que ocasiona la ignorancia /
_cdedicale al Serenissmo. Señor Don Balthasar Carlos Fhilippe de Austria... Alonso Martinez de Espinar... ; [publicado por iniciativa de D. Alberto Comenge y Jerpe ; prólogo del Duque de Medinaceli y comentario del Conde de Yebes].
260 _aMadrid :
_bEpesa [Ediciones y Publicaciones Españolas],
_c1946.
300 _aXXX, XXXV, 445 p., 6 lám. ;
_c25 cm.
534 _pReprod. de la ed. de:
_cMadrid : Imp. Real, 1644.
650 4 _aCaza mayor-
_vObras anteriores a 1800.
_9147670
650 4 _aCaza con perros.
_9160319
700 1 _aMedinaceli, Luis Jesús Fernández de Córdoba y Salabert,
_cDuque de,
_d1880-1956
_9172038
852 _aES-MaACL
_jE-1919
999 _c99694
_d99694